Statistics for Landlocked counties of North Carolina

Click here to take the quiz!

General Stats

  • This quiz has been taken 18 times
  • The average score is 29 of 53

Answer Stats

HintAnswer% Correct
SingleAlamance
78%
SingleBuncombe
78%
DoubleDavidson
78%
DoubleRandolph
78%
SingleWake
78%
SingleBeaufort
67%
SingleBladen
67%
SingleBurke
67%
DoubleDavie
67%
SingleDurham
67%
DoubleEdgecombe
67%
SingleForsyth
67%
TripleGreene
67%
SingleLincoln
67%
SingleMoore
67%
SingleOrange
67%
DoublePitt
67%
SingleWashington
67%
DoubleWayne
67%
SingleBertie
56%
SingleCaldwell
56%
DoubleCatawba
56%
DoubleChatham
56%
SingleFranklin
56%
SingleGuilford
56%
SingleHalifax
56%
DoubleHarnet
56%
SingleHoke
56%
SingleMontgomery
56%
SingleSampson
56%
DoubleWilson
56%
DoubleAlexander
44%
SingleChowan
44%
SingleCumberland
44%
DoubleJohnston
44%
SingleJones
44%
DoubleLee
44%
DoubleLenoir
44%
DoubleMartin
44%
SingleMcdowell
44%
SingleNash
44%
SinglePamlico
44%
DoubleRowan
44%
SingleStanly
44%
SingleTyrell
44%
SingleWilkes
44%
SingleYadkin
44%
SingleCabarrus
33%
SingleCraven
33%
SingleIredell
33%
SinglePasquotank
33%
SinglePerquimans
33%
SingleDuplin
22%

Score Distribution

Percentile by Number Answered

Percent of People with Each Score

Your Score History

You have not taken this quiz